Introducción a la computación electónica (Registro nro. 4226)

Detalles MARC
000 -LEADER
fixed length control field 01569 a2200193 4500
001 - CONTROL NUMBER
control field 46665
005 - DATE AND TIME OF LATEST TRANSACTION
control field 20260407155737.0
008 - FIXED-LENGTH DATA ELEMENTS--GENERAL INFORMATION
fixed length control field 260407a1976 arg spa d
003 - CONTROL NUMBER IDENTIFIER
control field AR-UNSa-BCEJYS
040 ## - CATALOGING SOURCE
Original cataloging agency AR-UNSa-BCEJYS
Language of cataloging spa
Transcribing agency AR-UNSa-BCEJYS
080 ## - UNIVERSAL DECIMAL CLASSIFICATION NUMBER
Universal Decimal Classification number 004.3
Common auxiliary subdivision "Hardware". Soportes informáticos, componentes físicos del ordenador, máquinas
100 1# - MAIN ENTRY--PERSONAL NAME
Personal name Farina, Mario V.
245 10 - TITLE STATEMENT
Title Introducción a la computación electónica
264 #1 - PRODUCTION, PUBLICATION, DISTRIBUTION, MANUFACTURE, AND COPYRIGHT NOTICE
Place of production, publication, distribution, manufacture Buenos Aires :
Name of producer, publisher, distributor, manufacturer El Ateneo
Date of production, publication, distribution, manufacture, or copyright notice 1976
300 ## - PHYSICAL DESCRIPTION
Extent 186 p.
Dimensions 23 cm.
505 ## - FORMATTED CONTENTS NOTE
Formatted contents note 1. Robots en Marte – 2. Importancia del estudio de las computadoras – 3. Historias de las computadoras – 4. El diseño de una computadora – 5. El difícil camino de la programación – 6. ¿Qué es un compilador? – 7. Tarjetas de datos – 8. Aprendamos un sencillo lenguaje de programación – 9. Aprendamos un sencillo lenguaje de programación (Continuación) – 10. Aprendamos un sencillo lenguaje de programación (Conclusión) – 11. El cursograma, lenguaje de la lógica – 12. Depuración – 13. La naturaleza de las aplicaciones de computadoras – 14. Archivos de cintas magnéticas – 15. Mantenimiento de archivos – 16. Un centro de computación – 17. Tipos representativos de computadoras – 18. Un estudio de computadora en profundidad – 19. Multiprogramación – 20. Software – 21. Tiempo compartido por teletipo – 22. Automatización – 23. Las computadoras ¿son capaces de pensar? – 24. ¿Hay una computadora en su futuro?. <br/>
590 ## - LOCAL NOTE (RLIN)
Local note niveau_biblio:m niveau_hierar:0
942 ## - ADDED ENTRY ELEMENTS (KOHA)
Koha item type
Existencias
Withdrawn status Lost status Damaged status Not for loan Home library Current library Shelving location Date acquired Total checkouts Full call number Barcode Date last seen Price effective from Koha item type
        Biblioteca Prof. Eusebio Cleto del Rey Biblioteca Prof. Eusebio Cleto del Rey   07/04/2026   004.3 F225 L13415 07/04/2026 07/04/2026 Libro
        Biblioteca Prof. Eusebio Cleto del Rey Biblioteca Prof. Eusebio Cleto del Rey   07/04/2026   004.3 F225 L28711 07/04/2026 07/04/2026 Libro
        Biblioteca Prof. Eusebio Cleto del Rey Biblioteca Prof. Eusebio Cleto del Rey   07/04/2026   004.3 F225 L28712 07/04/2026 07/04/2026 Libro
        Biblioteca Prof. Eusebio Cleto del Rey Biblioteca Prof. Eusebio Cleto del Rey   07/04/2026   004.3 F225 L28710 07/04/2026 07/04/2026 Libro